000 00522cam a2200181 4500500
005 20260405002351.0
041 _afre
042 _adc
100 1 0 _aPortevin, Catherine
_eauthor
245 0 0 _aLa nuit
260 _c2017.
500 _a98
690 _aMichaël Fœssel
690 _anuit
690 _aphilosophie
786 0 _nPhilosophie magazine | 107 | 3 | 2017-03-01 | p. 51-52 | 1951-1787
856 4 1 _uhttps://shs.cairn.info/magazine-philosophie-magazine-2017-3-page-51?lang=fr&redirect-ssocas=7080
999 _c2057071
_d2057071